Top 10 Krajów w których mężczyźni mają najdłuższe przyrodzenie - Statystyki

Ogólne statystyki
  • Ten quiz został rozwiązany 46 razy
  • Średni wynik to 3 z 10
Statystyki odpowiedzi
Długość Kraje % Poprawnych
16,47 cm Sudan
56%
15,89 cm Senegal
50%
16,6 cm Kamerun
42%
15,87 cm Holandia
36%
15,78 cm Zambia
31%
15,88 cm Gambia
28%
15,87 cm Kuba
28%
17,6 cm Ekwador
25%
16,01 cm Haiti
22%
16,5 cm Boliwia
11%
Nie znaleziono quizów pasujących do podanych kryteriów
Rozkład punktacji
Procent ludzi z każdym wynikiem
Percentyl według liczby udzielonych odpowiedzi
Twoja historia wyników
Nie rozwiązałeś tego quizu